Normal view
MARC view
Entry Personal Name
001 - CONTROL NUMBER
- control field: 3739
003 - CONTROL NUMBER IDENTIFIER
- control field: OSt
005 - DATE AND TIME OF LATEST TRANSACTION
- control field: 20221013131318.0
008 - FIXED-LENGTH DATA ELEMENTS
- fixed length control field: 221013|| aca||aabn | a|a d
040 ## - CATALOGING SOURCE
- Original cataloging agency: OSt
- Transcribing agency: OSt
100 ## - HEADING--PERSONAL NAME
- Personal name: Kocianová, Jana,
- Dates associated with a name: 1946-2018
670 ## - SOURCE DATA FOUND
- Source citation: Work cat.: (OSt)0: Kocianová, Jana, 1946-2018 aut, Zahoď starosti, 2016